| 000 | 01497aam a2200337 i 4500 | ||
|---|---|---|---|
| 001 | 768714001 | ||
| 003 | CO-MdFUSB | ||
| 005 | 20210506123744.0 | ||
| 007 | ta | ||
| 008 | 200929t1987 -us |||| |||| 00| 0 eng d | ||
| 020 | _a0198266723 | ||
| 040 |
_bspa. _aCO-MdFUSB _cCO-MdFUSB _dCO-MdFUSBC _erda |
||
| 041 | _aeng | ||
| 082 |
_223 _a271.12024 _bR332 |
||
| 100 | 1 |
_aReeves, Marjorie _eautor |
|
| 245 | 1 | 0 |
_aJoachim of Fiore and the myth of th eternal evangel in the nineteenth century _c/ Marjorie Reeves, Warwick Gould |
| 264 | 1 |
_aOxford, England : _bThe Clarendon Press, _c[1987] |
|
| 264 | 4 | _c© 1987 | |
| 300 |
_a365 páginas _c; 23 cm |
||
| 336 |
_2rdacontent _atexto _btxt |
||
| 337 |
_2rdamedia _aotro _bn |
||
| 338 |
_2rdacarrier _avolumen _bnc |
||
| 505 | _aJoaquín de Fiore y el evangelio eterno - La religión de la humanidad en el siglo XIX - El redescubrimiento del evangelio eterno - Pierre Leroux, George Sand, y su círculo - "Romola" de George Eliot: Positivista o joaquinisto? - Renan, Arena y Matthew Arnold - Joaquinismo y cambiantes interpretaciones del Renacimiento en la Inglaterra victoriana - Joris-Karl Huysmans y el culto Vintrasian del Paráclito - WB Yeats: Un antinomianismo noble - El trinitarismo de DH Lawrence - Joaquín de Fiore en Europa del este | ||
| 563 | _aTapa dura | ||
| 650 | 7 |
_956 _aIglesia _xHistoria |
|
| 653 | _aJoachim de Fiore | ||
| 700 |
_94860 _aGould, Warwick _eautor |
||
| 942 | _cBK | ||
| 945 | _aJTF-925 | ||
| 999 |
_c46479 _d46479 |
||